|
|
|
|
| LEADER |
00000nab#a22000007a#4500 |
| 001 |
arbauad003065 |
| 003 |
AR-BaUAD |
| 005 |
20250711110541.0 |
| 008 |
931108|||||||||###||||||b###|0###a|spa|| |
| 040 |
|
|
|a AR-BaUAD
|c AR-BaUAD
|b spa
|
| 100 |
|
|
|a Power, Kevin
|
| 245 |
|
|
|a El cuerpo del otro :
|b representaciones en el arte actual /
|c Kevin Power;
|
| 300 |
0 |
|
|b il., fot.
|
| 653 |
|
|
|a CUERPO HUMANO
|
| 653 |
|
|
|a ARTE
|
| 773 |
0 |
|
|t Arquitectura Viva
|g no. 23 [mar.-abr. 1992], p. 54-55
|
| 942 |
|
|
|c ARTI
|
| 952 |
|
|
|0 0
|1 0
|4 0
|7 0
|9 47985
|a AR-BAuAD
|b AR-BAuAD
|d 2025-07-11
|l 0
|p AAQA003065
|r 2025-07-11 11:05:41
|w 2025-07-11
|y ARTI
|
| 990 |
|
|
|a DT199
|b TD
|
| 998 |
|
|
|a AAQ
|b BIBUN76
|
| 999 |
|
|
|c 27658
|d 27658
|